New York State A-Z - Statistics

General Stats
  • This quiz has been taken 443 times
  • The average score is 20 of 26
Answer Stats
Hint Answer % Correct
Canal connecting Albany with Buffalo Erie
95%
Borough of NYC Queens
95%
River near eastern border that flows into New York City Hudson
94%
Nickname for most famous NY Statue Lady Liberty
93%
NBA team Knickerbockers
90%
"My favorite baseball team is whoever is playing the _______!" Yankees
90%
River or Native American tribe (or punk haircut) Mohawk
89%
Great Lake with the longest NY coastline Ontario
89%
Only NFL team that plays within NY State borders Buffalo Bills
88%
NFL team Jets
88%
City where Eastman-Kodak was founded Rochester
86%
Ivy League University in Ithaca Cornell
84%
River connecting two Great Lakes (with a waterfall) Niagara
84%
What you can see on Broadway Play
84%
Long narrow lakes in central NY carved by glaciers Finger Lakes
82%
Attractions Found in Bronx and Central Park Zoos
81%
County that touches Pennsylvania and shares name with another state Delaware
79%
Virtually any area of the state north of New York City is referred to as… Upstate
79%
Copier company founded in Rochester Xerox
78%
Mountains that dominate northern NY Adirondacks
76%
Northeast Native American confederacy Iroquois
71%
Only California makes more of this product than New York Wine
66%
Many former Long Island potato fields are now planted as… (See W for hint) Vineyards
53%
City home to Rensselaer Polytechnic Institute Troy
46%
North flowing river that bisects Rochester Genesee
39%
Teddy Roosevelt estate on Long Island: _______ Hill Sagamore
19%
No matching quizzes found
Score Distribution
Percent of People with Each Score
Percentile by Number Answered
Your Score History
You have not taken this quiz